[Event "Hochsauerland-ch U16"]
[Site "Foeckinghausen"]
[Date "2003.01.04"]
[Round "3"]
[White "Maas, Philipp"]
[Black "Labes, Vanessa"]
[Result "0-1"]
[WhiteElo "1136"]
[BlackElo "1163"]
[PlyCount "54"]
[EventDate "2003.01.??"]
[EventType "swiss"]
[EventRounds "5"]
[EventCountry "GER"]
[SourceTitle "EXT 2005"]
[Source "ChessBase"]
[SourceDate "2004.11.15"]
[SourceVersion "1"]
[SourceVersionDate "2004.11.15"]
[SourceQuality "1"]

1. Nf3 e6 2. Nc3 Bb4 3. e4 Bxc3 4. bxc3 Nf6 5. d4 Nxe4 6. c4 d5 7. cxd5 exd5 8. Bd3 Bg4 9. Bxe4 dxe4 10. Ng5 Bxd1 11. Kxd1 Qxd4+ 12. Bd2 Qxa1+ 13. Bc1 0-0 14. Re1 f5 15. Kd2 Rd8+ 16. Ke2 h6 17. Ne6 Rd7 18. Ba3 Qxa2 19. Nf8 Rf7 20. Bc5 Qxc2+ 21. Kf1 Qxc5 22. Ng6 Nd7 23. Nf4 Ne5 24. Ne2 Ng4 25. Kg1 Qxf2+ 26. Kh1 Qxe1+ 27. Ng1 Nf2# 0-1